000 00361nam a2200169Ia 4500
100 _aShibu/K.V
650 _aEmbedded systems
942 _cBK
366 _f25
654 _aembedded systems
245 _aIntroduction to embedded systems
260 _bMcGraw Hill
_c2009
082 _a3.3
_bSHI
300 _a716
546 _aENGLISH
_cTTL
999 _c34652
_d34652